00644nam a2200157Ia 450000500170000000800410001708200130005810000160007124501240008726000490021130000150026050000970027594200060037295200930037899900150047120240604025743.0240331s9999 xx 000 0 und d bMOLa364 aMoldrich, D 0aHangman spare that noose :ba historical and analytical survey of the death penalty with special reference to Sri Lanka aColombo bRanco Printers & Publishers c1983 aiv,182 p., aA historical and analytical survey of the death penalty with special reference to Sri Lanka. cL 001040708LaWERCLbWERCLcSSCd2024-03-31l0o 364 MOLp85r2024-03-31w2024-03-31yL c2955d2955